{"text_format":"3","workbook":"xls","n_sheets":2,"sheets":["邳州分公司","巨野分公司"],"read":"whole","date_system":"1900","formulas":"cached_only"}

{"sheet":"邳州分公司","index":0,"n_rows":8,"n_cols":13,"rows_kept":8,"merged":[[0,2,0,11],[1,2,1,11],[2,2,2,11]],"flags":["formulas_cached_only"]}
[null,null,"五金收料统计日报表"]
[null,null,"日期： 2019    年    4  月  16  日                             填表人： 梅瑞雪"]
[null,null,"单位：大力神管桩有限公司"]
[null,"入库单号","品名","规格","数量","单位","单价","金额","供应商名称","联系方式","采购员","检验员","备注"]
[null,"WIN0050176","电池",null,5,"个",28,140,"现金供应商",null,"刘江山","刘飞","3.6V（天桥区奥鑫电子经营部）"]
[null,"WIN0050177","氧气",null,8,"瓶",28,224,"邳州苏源制氧有限公司",null,"刘江山","梅瑞雪"]
[null,null,"乙炔",null,8,"瓶",56,448]
[null,"WIN0050178","农用车配件",null,10,"个",30,300,"现金供应商（亚洲轮胎经销处）",null,"刘江山","崔永科","螺丝（含50元手工费）"]

{"sheet":"巨野分公司","index":1,"n_rows":56,"n_cols":12,"rows_kept":56,"merged":[[0,0,0,11],[1,0,1,11],[2,0,2,11]],"flags":["formulas_cached_only"]}
["五金收料统计日报表"]
["日期： 2019  年 04月 16日                             填表人： 杨振华"]
["单位：江苏大力神管桩有限公司巨野分公司"]
["入库单号","品名","规格","数量","单位","单价","金额","供应商名称","联系方式","采购员","检验员","备注"]
["WIN008221","黄油枪头",null,1,"把",60,60,"巨野县马英液压配件门市",null,"王成军","甘星允"]
["WIN008222","黄油","00号15KG",3,"桶",200,600,"张中奎",null,"王成军","甘星允"]
["WIN008223","金属垫片",50,10,"个",2.5,25,"巨野县润润五金门市部",15764010540,"王成军","甘星允"]
[null,"金属垫片",40,10,"个",2,20,"巨野县润润五金门市部",15764010540,"张传朋","甘星允"]
["WIN008224","网线","100米",1,"盘",186,186,"巨野县润润五金门市部",15764010540,"张传朋","甘星允"]
["WIN008225","卡扣","8#",10,"个",0.8,8,"巨野县兴强轴承销售中心",null,"张传朋","甘星允"]
[null,"轴承",6208,10,"个",15,150,"巨野县兴强轴承销售中心",null,"张传朋","甘星允"]
["WIN008226","法兰","DN89",2,"片",13,26,"巨野县润润五金门市部",15764010540,"张传朋","甘星允"]
[null,"金属垫片",65,4,"个",3,12,"巨野县润润五金门市部",15764010540,"张传朋","甘星允"]
[null,"金属垫片",80,4,"个",4,16,"巨野县润润五金门市部",15764010540,"张传朋","甘星允"]
[null,"电焊玻璃镜片黑",null,30,"个",0.5,15,"巨野县润润五金门市部",15764010540,"张传朋","甘星允"]
[null,"电焊黑",null,3,"个",5,15,"巨野县润润五金门市部",15764010540,"张传朋","甘星允"]
["WIN008227","热熔活接","63#",2,"个",13,26,"巨野县德春水暖五金门市部",null,"张传朋","甘星允"]
[null,"PVC外牙直接","63#",2,"个",4,8,"巨野县德春水暖五金门市部",null,"张传朋","甘星允"]
["WIN008228","南孚电池","5#",20,"个",2.5,50,"巨野县嘉盛五金机电",18753016988,"张传朋","甘星允"]
["WIN008229","长城黄油","3号15KG ",4,"桶",200,800,"张中奎",null,"张传朋","甘星允"]
["WIN008230","轴承","22224CA",6,"套",6,36,"巨野县泗春五金机电门市部",13561346099,"张传朋","甘星允"]
[null,"8.8高强螺丝","50*80",100,"个",100,10000,"巨野县泗春五金机电门市部",13561346099,"张传朋","甘星允"]
[null,"8.8级内六角螺丝","10*50",40,"套",40,1600,"巨野县泗春五金机电门市部",13561346099,"张传朋","甘星允"]
[null,"磨片",100,50,"个",50,2500,"巨野县泗春五金机电门市部",13561346099,"张传朋","甘星允"]
[null,"焊条","#4.0",2,"箱",2,4,"巨野县泗春五金机电门市部",13561346099,"张传朋","甘星允"]
[null,"斜铁","130*80",60,"片",60,3600,"巨野县泗春五金机电门市部",13561346099,"张传朋","甘星允"]
["WIN008231","称重传感器","50KG",2,"个",174,348,"巨野县东尚轴承配件销售部",null,"张传朋","甘星允"]
["WIN008232","胶",801,6,"袋",15,90,"巨野县亚美涂料",null,"张传朋","甘星允"]
["WIN008233","氧气",null,6,"瓶",30,180,"巨野县巨泰气体二站",18765016777,"张传朋","甘星允"]
[null,"乙炔",null,6,"瓶",65,390,"巨野县巨泰气体二站",18765016777,"张传朋","甘星允"]
["WIN008234","三通","16#",50,"个",2.5,125,"巨野县兴强轴承销售中心",null,"张传朋","甘星允"]
[null,"丝杆","20#",2,"根",12,24,"巨野县兴强轴承销售中心",null,"张传朋","甘星允"]
["WIN008235","快速接头","16-04#",30,"个",5,150,"巨野县润润五金门市部",15764010540,"张传朋","甘星允"]
[null,"快速接头","12-04#",30,"个",3.5,105,"巨野县润润五金门市部",15764010540,"张传朋","甘星允"]
[null,"PU管",null,1,"盘",450,450,"巨野县润润五金门市部",15764010540,"张传朋","甘星允"]
["WIN008236","黄油管","10米%",2,"条",70,140,"巨野县马英液压配件门市",null,"张传朋","甘星允"]
["WIN008237","长城机油","16公斤",2,"桶",280,560,"张中奎",null,"张传朋","甘星允"]
["WIN008238","空滤",2843,1,"个",180,180,"巨野县华恒工程机械有限公司",null,"张传朋","甘星允"]
[null,"油滤",9009,1,"个",120,120,"巨野县华恒工程机械有限公司",null,"张传朋","甘星允"]
["WIN008239","空气滤芯","10立方通用",1,"个",190,190,"山东德普斯机械设备有限公司",null,"张传朋","甘星允"]
[null,"油滤","W950",2,"个",180,360,"山东德普斯机械设备有限公司",null,"张传朋","甘星允"]
[null,"冷却液","46#螺杆专用",3,"桶",650,1950,"山东德普斯机械设备有限公司",null,"张传朋","甘星允"]
["WIN008249","电机（空压机）","3KW",2,"个",620,1240,"邳州市陇海机电门市",null,"王成军","甘星允"]
["WIN008250","链条","12#双排",40,"个",79,3160,"徐州宏特起重设备有限公司",null,"王成军","甘星允"]
["WIN008251","洗衣粉",null,140,"袋",1.65,231,"王敏针织百货批发",null,"王成军","甘星允"]
["WIN008252","触头总成","KTJ6-100A",50,"个",48,2400,"邳州市电料总汇",null,"王成军","甘星允"]
["WIN008253","销售总成","LV4008A空压机机头",1,"台",1000,1000,"邳州市电料总汇",null,"王成军","甘星允"]
[{"$nulls":6},0]
[{"$nulls":6},0]
[{"$nulls":6},0]
[{"$nulls":6},0]
[{"$nulls":6},0]
[{"$nulls":6},0]
[{"$nulls":6},0]
[{"$nulls":6},0]
[{"$nulls":6},0]